First line of rock and metal songs - Statistics

General Stats
  • This quiz has been taken 22 times
  • The average score is 13 of 30
Answer Stats
Song First line % Correct
Metallica
85%
Metallica
85%
Metallica
85%
Eagles
80%
Guns N' Roses
75%
Led Zeppelin
75%
Nirvana
75%
Journey
70%
Deep Purple
65%
Pink Floyd
65%
Dire Straits
60%
Van Halen
55%
Van Halen
55%
Welcome to the Jungle Welcome to the Jungle, we got fun and games
50%
Motley Crue
45%
Derek and the Dominos
40%
Don't stop believin' Just a small town girl
40%
Come as you are Come, as you are, as you were
35%
Hotel California On a dark desert highway, cool wind in my hair
35%
Enter Sandman Say your prayers little one
35%
Stairway to Heaven There's a lady who's sure all that glitters is gold
20%
Wish you were here So, so you think you can tell
15%
Dyers eve Dear Mother dear Father, what is this hell you have put me through?
10%
Master of Puppets End of passion play, crumbling away
10%
Kickstart my heart When I get high I get high on speed
5%
Panama Jump back, what's that sound
0%
Money for Nothing Now look at them Yo-Yo's, that's the way you do it
0%
On fire Turn your radios on, I'll appear right there
0%
Smoke on the water We all came out to Montreux
0%
Layla What'll you do when you get lonely
0%
No matching quizzes found
Score Distribution
Percent of People with Each Score
Percentile by Number Answered
Your Score History
You have not taken this quiz